| 000 | 00941nam a22003017a 4500 | ||
|---|---|---|---|
| 003 | CHAP | ||
| 005 | 20220329140228.0 | ||
| 008 | 971013s1948 r 00010 d | ||
| 010 | _a48902 | ||
| 011 | _a49874 | ||
| 035 | _a54024 | ||
| 040 | _cCHAP | ||
| 082 |
_a633.15 _bR58m |
||
| 100 | 0 | 0 |
_aRivas Tagle, Antonino. _997580 |
| 245 | _aMejores semillas de maíz y su cultivo | ||
| 260 |
_aMéxico, D. F. : _bComisión del Maíz, _c1948 |
||
| 300 |
_a74 p. _b: ilus. |
||
| 590 |
_aBATCH-UPD _b10 _c20130110 _lUCH01 _h1723 |
||
| 590 |
_aBATCH-UPD _b10 _c20130410 _lUCH01 _h1106 |
||
| 590 |
_aBATCH-UPD _b10 _c20130914 _lUCH01 _h1752 |
||
| 590 |
_aCONVERSION _b10 _c20130109 _lUCH01 _h1327 |
||
| 650 | 1 | 4 |
_aMaíz _xMejoramiento. _971006 |
| 650 | 1 | 4 |
_aMaíz _xSemilla. _971059 |
| 901 | _aBK | ||
| 942 | _cLIBRO | ||
| 949 |
_a633.15 R58m _bBC _cBPP _d-119434 _eBPP _h22258 _i54024 _si |
||
| 949 |
_a633.15 R58m _bBC _cBPP _d-119435 _eBPP _fc.2 _h27673 _i54024 _si |
||
| 999 |
_c48902 _d48902 |
||